Längste Grenze pro Land #1 - Statistiken

Allgemein
  • Dieses Quiz wurde 99 mal gespielt
  • Das Durchschnittsergebnis liegt bei 21 aus 24
Antwortstatistiken
Land Länge Längste Grenze % Korrekt
Niederlande 577 km Deutschland
100%
Mexiko 3141 km Vereinigte Staaten
100%
Frankreich(Europäischer Teil) 623 km Spanien
99%
Peru 1560 km Brasilien
98%
Monaco 4.4 km Frankreich
98%
Argentinien 5300 km Chile
96%
Italien 740 km Schweiz
96%
Tschechien 658 km Deutschland
95%
Kolumbien 2050 km Venezuela
95%
Libyen 1115 km Ägypten
92%
Bangladesch 4053 km Indien
92%
Saudi-Arabien 1458 km Jemen
91%
Afghanistan 2430 km Pakistan
90%
Finnland 1340 km Russland
90%
Haiti 360 km Dominikanische Republik
86%
Laos 2130 km Vietnam
86%
Algerien 1559 km Marokko
85%
Georgien 723 km Russland
84%
Tunesien 965 km Algerien
82%
Ägypten 1273 km Sudan
81%
Südafrika 1840 km Botswana
79%
Syrien 822 km Türkei
79%
Äthiopien 1600 km Somalia
74%
Ruanda 290 km Burundi
67%
Keine übereinstimmenden Quizze gefunden
Verteilung der Resultate
Anzahl Personen mit jedem Resultat
Perzentil nach korrekt beantworteten Fragen
Ihre Resultats-Entwicklung
Sie haben dieses Quiz noch nicht gespielt